Rethinking Value Chains (Record no. 65250)

MARC details
000 -LEADER
fixed length control field 01647nam a2200301Ii 4500
008 - FIXED-LENGTH DATA ELEMENTS--GENERAL INFORMATION
fixed length control field 221202s xx 000 0 und d
245 #0 - TITLE STATEMENT
Title Rethinking Value Chains
246 ## - VARYING FORM OF TITLE
Title proper/short title Tackling the Challenges of Global Capitalism
264 #1 - PRODUCTION, PUBLICATION, DISTRIBUTION, MANUFACTURE, AND COPYRIGHT NOTICE
Place of production, publication, distribution, manufacture Bristol
Name of producer, publisher, distributor, manufacturer Policy Press
Date of production, publication, distribution, manufacture, or copyright notice 2021
300 ## - PHYSICAL DESCRIPTION
Extent 1 online resource (204 pages)
336 ## - CONTENT TYPE
Content type term text
Content type code txt
Source rdacontent
337 ## - MEDIA TYPE
Media type term computer
Media type code c
Source rdamedia
338 ## - CARRIER TYPE
Carrier type term online resource
Carrier type code cr
Source rdacarrier
520 ## - SUMMARY, ETC.
Summary, etc. EPUB and EPDF available Open Access under CC-BY-NC-ND licence. Today, production processes have become fragmented with a range of activities divided among firms and workers across borders. These global value chains are being strongly promoted by international organizations, such as the World Bank and the World Trade Organization, but social and political backlash is mounting in a growing variety of forms. This original volume brings together academics and activists from Europe to think creatively about the social and environmental imbalances of global production and how to reform the current economic system.
653 ## - INDEX TERM--UNCONTROLLED
Uncontrolled term Capitalism
653 ## - INDEX TERM--UNCONTROLLED
Uncontrolled term Co-Creation
653 ## - INDEX TERM--UNCONTROLLED
Uncontrolled term Global Value Chains
653 ## - INDEX TERM--UNCONTROLLED
Uncontrolled term Sustainability
653 ## - INDEX TERM--UNCONTROLLED
Uncontrolled term Academic Activism
700 1# - ADDED ENTRY--PERSONAL NAME
Personal name 0000-0001-5637-5010
700 1# - ADDED ENTRY--PERSONAL NAME
Personal name 0000-0003-3714-3315
700 1# - ADDED ENTRY--PERSONAL NAME
Personal name 600
700 1# - ADDED ENTRY--PERSONAL NAME
Personal name 600
700 1# - ADDED ENTRY--PERSONAL NAME
Personal name Palpacuer, Florence
700 1# - ADDED ENTRY--PERSONAL NAME
Personal name Smith, Alistair
856 ## - ELECTRONIC LOCATION AND ACCESS
Uniform Resource Identifier <a href="https://library.oapen.org/bitstream/20.500.12657/50190/2/9781447362142.epub||https://library.oapen.org/bitstream/20.500.12657/50190/14/9781447359180_web.pdfhttps://library.oapen.org/handle/20.500.12657/50190">https://library.oapen.org/bitstream/20.500.12657/50190/2/9781447362142.epub||https://library.oapen.org/bitstream/20.500.12657/50190/14/9781447359180_web.pdfhttps://library.oapen.org/handle/20.500.12657/50190</a>
942 ## - ADDED ENTRY ELEMENTS (KOHA)
Koha item type E-Book
Holdings
Withdrawn status Damaged status Not for loan Home library Current library Date acquired Total Checkouts Date last seen Price effective from Koha item type
      Directory of Open Access Books Directory of Open Access Books 11/28/2022   11/28/2022 11/28/2022 E-Book

University of Rizal System
Email us at univlibservices@urs.edu.ph

Visit our Website www.urs.edu.ph/library